Normal view
MARC view
- Jalil , NC Adeeluddin (TCC-9)
Entry Personal Name
001 - CONTROL NUMBER
- control field: 131798
003 - CONTROL NUMBER IDENTIFIER
- control field: NUST
005 - DATE AND TIME OF LATEST TRANSACTION
- control field: 20251111143614.0
008 - FIXED-LENGTH DATA ELEMENTS
- fixed length control field: 251111|| aca||aabn | a|a d
040 ## - CATALOGING SOURCE
- Original cataloging agency: NUST
- Transcribing agency: NUST
100 ## - HEADING--PERSONAL NAME
- Personal name: Jalil , NC Adeeluddin (TCC-9)
670 ## - SOURCE DATA FOUND
- Source citation: Work cat.: (NUST)182691: Jalil , NC Adeeluddin (TCC-9), Desing and demostration of a multi channel speech compression system as per E1 Standard /, 2001
